000 00268 a2200109 4500
001 51297
040 _cAnchieta - Pituba
240 1 0 _aGincana interna Anchieta 2016
_l
245 1 0 _aGincana interna Anchieta 2016
650 4 _aLĂ­nguas espanhola e portuguesa
942 _cMX
999 _c51297
_d51297